Basic Marketing : A Global-Managerial Approach. (Record no. 2738)

MARC details
005 - DATE AND TIME OF LATEST TRANSACTION
control field 20250527131653.0
020 ## - INTERNATIONAL STANDARD BOOK NUMBER
International Standard Book Number 978 0-07-097425-8
082 ## - DEWEY DECIMAL CLASSIFICATION NUMBER
Classification number 658.8 PER
100 ## - MAIN ENTRY--PERSONAL NAME
Author name PERREAULT, W. D.
245 ## - TITLE STATEMENT
Title Basic Marketing : A Global-Managerial Approach.
250 ## - EDITION STATEMENT
Edition statement 12th Ed
260 ## - PUBLICATION, DISTRIBUTION, ETC.
Place of publication, distribution, etc. New York,
Name of publisher, distributor, etc. McGraw-Hill.
Date of publication, distribution, etc. 2007.
300 ## - PHYSICAL DESCRIPTION
Extent xxv,630p.: ill.; picture
Other physical details Glossary & Index
Dimensions 28cm.
700 ## - ADDED ENTRY--PERSONAL NAME
Other authors/Editors McCARTHY, E. J. & MEREDITH, L. & RICKER, L.
856 ## - ELECTRONIC LOCATION AND ACCESS
Link text Access Online Book
Electronic name Marketing
Path www.mcgrawhill.ca/olc/perrealt
942 ## - ADDED ENTRY ELEMENTS (KOHA)
Source of classification or shelving scheme Dewey Decimal Classification
Koha item type Books
Holdings
Date last seen Total checkouts Full call number Barcode Cost, replacement price Price effective from Koha item type Lost status Source of classification or shelving scheme Damaged status Not for loan Withdrawn status Home library Current library Shelving location Date acquired Cost, normal purchase price
06/29/2025   658.8PER DOM0004146 150000.00 06/29/2025 Books   Dewey Decimal Classification       CBE Dodoma CBE Dodoma General Collection 11/28/2014 50000.00
06/29/2025   658.8PER DOM0004155 150000.00 06/29/2025 Books   Dewey Decimal Classification       CBE Dodoma CBE Dodoma General Collection 11/28/2014 50000.00
06/29/2025   658.8PER DOM0004154 150000.00 06/29/2025 Books   Dewey Decimal Classification       CBE Dodoma CBE Dodoma General Collection 11/28/2014 50000.00
06/29/2025   658.8PER DOM0004153 150000.00 06/29/2025 Books   Dewey Decimal Classification       CBE Dodoma CBE Dodoma General Collection 11/28/2014 50000.00
05/27/2025   658.8 PER 00000010277 150000.00 05/27/2025 Books   Dewey Decimal Classification       College of Business Education Main Library College of Business Education Main Library General Collection 11/28/2014 50000.00